00540nam a22001812 4500001001100000005001700011008004100028020001700069040001500086100003400101245007300135250001300208260003600221300001800257650003700275650004300312852000300355000001839820151217152127.0091026s xx 000 0 eng d a0071254439 : aKABUcKABU1 aNeamen, Donald A.@000016962010aMicroelectronics :bcircuit analysis and design /cDonald A. Neamen. a3rd ed. aNew York :bMcGraw-Hill,c2007. axxi, 1370 p. 0aElectronic circuits.@0000148505 0aElectronic circuit design.@00001573641